Elton John - Goodbye Yellow Brick Road (Tracks) - Statistics

General Stats
  • This quiz has been taken 17 times
  • The average score is 11 of 17
Answer Stats
Track Number Track Name % Correct
1 Funeral for a Friend/Love Lies Bleeding
94%
4 Goodbye Yellow Brick Road
94%
3 Bennie and the Jets
88%
2 Candle in the Wind
88%
6 Grey Seal
75%
14 Saturday Night's Alright for Fighting
75%
17 Harmony
69%
7 Jamaica Jerk-Off
69%
9 Sweet Painted Lady
63%
5 This Song Has No Title
63%
11 Dirty Little Girl
56%
8 I've Seen That Movie Too
56%
10 The Ballad of Danny Bailey (1909–34)
56%
15 Roy Rogers
50%
13 Your Sister Can't Twist (but She Can Rock 'n Roll)
50%
12 All the Girls Love Alice
44%
16 Social Disease
44%
No matching quizzes found
Score Distribution
Percent of People with Each Score
Percentile by Number Answered
Your Score History
You have not taken this quiz